Diversity and activity of methanotrophic bacteria in different upland soils /

Đã lưu trong:
Sonraí Bibleagrafaíochta
Príomhúdar: Knief, Claudia.
Údair Eile: Dunfield, Peter F., Lipski, Andre.
Formáid: Bài viết
Teanga:English
Ábhair:
Clibeanna: Cuir Clib Leis
Gan Chlibeanna, Bí ar an gcéad duine leis an taifead seo a chlibeáil!
Thư viện lưu trữ: Thư viện Trường Đại học Đà Lạt
LEADER 00942nam a2200313 4500
001 DLU090092918
005 ##20091201
040 # # |a DLU  |b eng 
041 # # |a eng 
044 # # |a us 
100 # # |a Knief, Claudia. 
245 # # |a Diversity and activity of methanotrophic bacteria in different upland soils /  |c Claudia Knief, Andre Lipski, Peter F. Dunfield. 
653 # # |a Bacteria 
653 # # |a Biodiversity 
653 # # |a Methanotrophy 
653 # # |a Microbial activity 
653 # # |a Soil 
700 # # |a Dunfield, Peter F. 
700 # # |a Lipski, Andre. 
773 # # |t Applied and Environmental Microbiology  |g Vol. 69, no. 11 (November 2003), p. 6703-6714 
920 # # |a Phòng Tạp chí -- Trung tâm Thông tin - Thư viện Trường Đại học Đà Lạt 
994 # # |a DLU 
900 # # |a True 
911 # # |a Trương Bảo Trâm Anh 
925 # # |a G 
926 # # |a A 
927 # # |a BB 
980 # # |a Thư viện Trường Đại học Đà Lạt